Capitales d'Océanie - Quiz - Statistiques

Statistiques générales
  • Ce quiz a été pris 202 fois
  • Le résultat moyen est 8 sur 14
Statistiques - réponses
Pays Capitale % Correct
Australie Canberra
100%
Nouvelle-Zélande Wellington
81%
Papouasie-Nouvelle-Guinée Port Moresby
66%
Fidji Suva
66%
Vanuatu Port-Vila
57%
États fédérés de Micronésie Palikir
53%
Nauru Yaren
52%
Tuvalu Funafuti
50%
Îles Marshall Majuro
48%
Tonga Nukuʻalofa
48%
Samoa Apia
47%
Kiribati Tarawa-Sud
47%
Îles Salomon Honiara
45%
Palaos Ngerulmud
43%
Aucun quiz correspondant
Distribution des résultats
% des personnes avec chaque résultat
Percentile par nombre de réponses
Votre historique - résultats
Vous n’avez pas pris ce quiz